Państwa kończące się na -AN - Statystyki

Ogólne statystyki
  • Ten quiz został rozwiązany 579 razy
  • Średni wynik to 8 z 14
Statystyki odpowiedzi
Odpowiedź % Poprawnych
Tadżykistan
81%
Pakistan
80%
Kazachstan
79%
Turkmenistan
78%
Uzbekistan
78%
Afganistan
77%
Kirgistan
72%
Azerbejdżan
53%
Iran
48%
Oman
45%
Liban
41%
Bhutan
34%
Sudan
33%
Watykan
29%
Nie znaleziono quizów pasujących do podanych kryteriów
Rozkład punktacji
Procent ludzi z każdym wynikiem
Percentyl według liczby udzielonych odpowiedzi
Twoja historia wyników
Nie rozwiązałeś tego quizu